00611nam a22002057a 450000500170000001000130001702000220003003500130005203700160006504000120008108200150009324500840010826000410019227000430023330000260027649000450030265000250034765000140037270000190038620170124110137.0 aA-794341 c00.00a8170996252 aA-794341 bCen Lib/Ret aDPLbEN a658.3bSOC aSociology of personnel management and rural relations /cedited by K. V. Ramani bMittal PublicationsaNew Delhic1995 bNew DelhiaA-110, Mohan Gardene110059 aviii,358p. c21cm(Hb) aReadings in personnel management vno. 3 aPersonnel management aSociology aRamani, K. V.